| 000 | 00769nam a2200205Ia 4500 | ||
|---|---|---|---|
| 005 | 20260121110022.0 | ||
| 008 | 008 260114s9999 xx 000 0 hin d | ||
| 020 | _a9788132360193 | ||
| 037 | _aEBOOK | ||
| 040 |
_aCRL _bhin _cCRL |
||
| 041 |
_ahin _2hin |
||
| 084 | _qCRL | ||
| 100 |
_aसंजय त्यागी / Sanjay Tyagi _9941045 |
||
| 245 | 0 | _aखाद्य सुरक्षा, ऊर्जा सुरक्षा और सतत कृषि का अभिसरण / Khady Suraksha, Urja Suraksha aur Sthayi Krishi ka Abhisaran | |
| 260 |
_bभाषा प्रकाशन / Bhasha Prakashan _c2021 |
||
| 856 | _uhttps://bhashaprakashan.com/product-details/382663 | ||
| 942 | _cEBOOK | ||
| 999 |
_c1532710 _d1532710 |
||